Law made simple (Record no. 80632)
[ view plain ]
| 000 -LEADER | |
|---|---|
| fixed length control field | 01062nam a2200217 a 4500 |
| 008 - FIXED-LENGTH DATA ELEMENTS--GENERAL INFORMATION | |
| fixed length control field | 120416s1985 ||||||||||||||||| || u |
| 020 ## - INTERNATIONAL STANDARD BOOK NUMBER | |
| International Standard Book Number | 0434984760 |
| 050 ## - LIBRARY OF CONGRESS CALL NUMBER | |
| Classification number | KD 20 Pad |
| 100 ## - MAIN ENTRY--PERSONAL NAME | |
| Personal name | Padfield, C. F |
| 245 10 - TITLE STATEMENT | |
| Title | Law made simple |
| Statement of responsibility, etc. | revised by D.L.A. Barker |
| 250 ## - EDITION STATEMENT | |
| Edition statement | 6th ed. |
| 260 ## - PUBLICATION, DISTRIBUTION, ETC. | |
| Place of publication, distribution, etc. | London |
| Name of publisher, distributor, etc. | Heinemann |
| Date of publication, distribution, etc. | 1985 |
| 300 ## - PHYSICAL DESCRIPTION | |
| Extent | xvi, 426p. : ill |
| 350 ## - | |
| -- | 0.00 |
| 650 ## - SUBJECT ADDED ENTRY--TOPICAL TERM | |
| Topical term or geographic name entry element | LAW--STUDY AND TEACHING |
| 650 ## - SUBJECT ADDED ENTRY--TOPICAL TERM | |
| Topical term or geographic name entry element | LAW |
| 995 ## - | |
| -- | MAIN LIBRARY OPEN ACCESS |
| -- | 0.00 |
| -- | 708987 |
| -- | CBU-MAIN LIBRARY (Kitwe) |
| -- | 2 |
| -- | 3.95 |
| -- | KD 20 Pad |
| -- | 1 |
| -- | AVAILABLE |
| -- | 026636 |
| -- | Main Library Open Access Collection |
| 995 ## - | |
| -- | ANNEX COLLECTION (Main Library) |
| -- | 0.00 |
| -- | 708985 |
| -- | CBU-MAIN LIBRARY (Kitwe) |
| -- | 4 |
| -- | 3.95 |
| -- | KD 20 Pad |
| -- | 2 |
| -- | AVAILABLE |
| -- | 026700 |
| -- | Annex Low-Usage Collection |
| 995 ## - | |
| -- | MAIN LIBRARY OPEN ACCESS |
| -- | 0.00 |
| -- | 708986 |
| -- | CBU-MAIN LIBRARY (Kitwe) |
| -- | 3 |
| -- | 3.95 |
| -- | KD 20 Pad |
| -- | 3 |
| -- | AVAILABLE |
| -- | 026798 |
| -- | Main Library Open Access Collection |
| 995 ## - | |
| -- | MAIN LIBRARY OPEN ACCESS |
| -- | 0.00 |
| -- | 708984 |
| -- | CBU-MAIN LIBRARY (Kitwe) |
| -- | 1 |
| -- | 3.95 |
| -- | KD 20 Pad |
| -- | 4 |
| -- | LOST |
| -- | 708984 |
| -- | Main Library Open Access Collection |
| 999 ## - | |
| -- | 80632 |
| -- | 80632 |
| Withdrawn status | Lost status | Source of classification or shelving scheme | Damaged status | Not for loan | Permanent Location | Current Location | Shelving location | Date acquired | Total Checkouts | Full call number | Barcode | Date last seen | Date last checked out | Copy number | Price effective from | Koha item type |
|---|---|---|---|---|---|---|---|---|---|---|---|---|---|---|---|---|
| CBU-MAIN LIBRARY, KITWE. | CBU-MAIN LIBRARY, KITWE. | 06/30/2023 | 1 | KD 20 Pad | 026636 | 09/08/2025 | 08/27/2025 | 1 | 06/30/2023 | MONOGRAPH | ||||||
| CBU-MAIN LIBRARY, KITWE. | CBU-MAIN LIBRARY, KITWE. | 06/30/2023 | KD 20 Pad | 026700 | 06/30/2023 | 2 | 06/30/2023 | MONOGRAPH | ||||||||
| CBU-MAIN LIBRARY, KITWE. | CBU-MAIN LIBRARY, KITWE. | 06/30/2023 | KD 20 Pad | 026798 | 06/30/2023 | 3 | 06/30/2023 | MONOGRAPH | ||||||||
| CBU-MAIN LIBRARY, KITWE. | CBU-MAIN LIBRARY, KITWE. | 06/30/2023 | KD 20 Pad | 708984 | 06/30/2023 | 4 | 06/30/2023 | MONOGRAPH |